000 00623nam a2200241Ia 4500
003 OSt
005 20220918195300.0
006 a|||||r|||| 00| 0
007 ta
008 220917b |||||||| |||| 00| 0 eng d
024 _a84,474
037 _cTextual
040 _aARTS
_cARTS
_beng
041 _2eng
_aeng
082 _aS8, L9
100 _aMurphy Richard W
_96097
245 0 _aStatus and conformity
260 _aAlexandria
_btime Life Books
_c1976
490 _aHuman behavior 1976
650 _aSOCIAL PSYCHOLOGY
942 _hS8, L9
_cTEXL
_2CC
999 _c208188
_d208188